| 000 | 00411nam a2200145 a 4500 | ||
|---|---|---|---|
| 001 | 775 | ||
| 003 | CDMR | ||
| 005 | 20130116135158.0 | ||
| 008 | 130130s1974||||||||||||||||||||||||||||d | ||
| 040 |
_aCDMR _bcat _cCPC LLEIDA |
||
| 100 | 1 |
_aSolano, Wilebaldo _9604 |
|
| 245 | 1 | 0 |
_aDià legs a Barcelona _bWilebaldo Solano _cSOLANO, Wilebaldo, FERRI, Llibert |
| 260 |
_aBarcelona _c1974 _bAjuntament de Barcelona |
||
| 942 | _cMON | ||
| 999 |
_c775 _d775 |
||